Hunger games. Aréna smrti /
Příběh se odehrává na území bývalých USA, kde po ničivé katastrofě vznikl nový státní útvar pojmenovaný Panem. Jeho hlavním městem se stává bohatý a mocný Kapitol, který tvrdými zákroky a opatřeními nutí k poslušnosti dvanáct okolních krajů, jež jsou mu podřízeny. Každoročně jsou pak z těchto region...
Uloženo v:
| Série: | Hunger Games / Hry o život,
část 1 |
|---|---|
| Hlavní autor: | |
| Další autoři: | |
| Médium: | E-audiokniha |
| Jazyk: | Czech |
| Vydáno: |
Praha :
Fragment,
2013
|
| Vydání: | 2. vyd. |
| Edice: | Young adults
|
| Témata: | |
| Příbuzné jednotky: | Přeloženo z:
Hunger games Z cyklu:: Hunger Games / Hry o život |
| Tagy: |
Žádné tagy |
| LEADER | 05215nam a2200889 a 4500 | ||
|---|---|---|---|
| 001 | 313118 | ||
| 003 | CZ PrSKC | ||
| 005 | 20260601215735.0 | ||
| 007 | ta | ||
| 008 | 140109s2013 xr d 000 f cze | ||
| 015 | |a cnb002538922 | ||
| 020 | |a 9788025320464 |q (soubor ; |q krabice) | ||
| 020 | |a 978-80-253-2048-8 |q (brož.) | ||
| 035 | |a (OCoLC)870289986 | ||
| 040 | |a OLA001 |b cze |d ABA001 | ||
| 041 | 1 | |a cze |h eng | |
| 072 | 7 | |a 821.111(73)-3 |x Americká próza |2 Konspekt | |
| 072 | 7 | |a 821-93 |x Literatura pro děti a mládež (beletrie) |2 Konspekt | |
| 080 | |a 821.111(73)-31 |2 MRF | ||
| 080 | |a 821-93-053.67 |2 MRF | ||
| 080 | |a 821-93 |2 MRF | ||
| 080 | |a (0:82-313.2) |2 MRF | ||
| 100 | 1 | |a Collins, Suzanne, |d 1962- |7 xx0116397 |4 aut | |
| 245 | 1 | 0 | |a Hunger games. |p Aréna smrti / |c Suzanne Collinsová ; [z anglického originálu ... přeložil Zdík Dušek] |
| 246 | 3 | 0 | |a Aréna smrti |
| 250 | |a 2. vyd. | ||
| 260 | |a Praha : |b Fragment, |c 2013 | ||
| 300 | |a 328 s. ; |c 19 cm | ||
| 490 | 1 | |a Young adults | |
| 500 | |a Část nákladu distribuována s dalšími 2 sv. (Vražedná pomsta, Síla vzdoru) ve společné kartonové krabici se souborným ISBN | ||
| 520 | 2 | |a Příběh se odehrává na území bývalých USA, kde po ničivé katastrofě vznikl nový státní útvar pojmenovaný Panem. Jeho hlavním městem se stává bohatý a mocný Kapitol, který tvrdými zákroky a opatřeními nutí k poslušnosti dvanáct okolních krajů, jež jsou mu podřízeny. Každoročně jsou pak z těchto regionů vylosováni chlapci a dívky, kteří ve zvrhlé reality show mezi sebou bojují na vymezené, avšak nevyzpytatelné přírodní ploše o holé přežití. Vítěz tohoto podivného klání se pak vrací domů s vavříny bohatství a slávy. Základním předpokladem k úspěchu každého účastníka soutěže je, aby svým jednáním přesvědčil diváky, že právě on má největší šanci v tomto souboji vyhrát. Ti se mu pak odvděčí tím, že na něho začnou sázet a posílají mu nejrůznější odměny v podobě medikamentů, zbraní, případně i jiných darů. Šestnáctiletá Katniss, která rovněž patří mezi tyto podivné "hráče", se dosud pouze snažila v obtížných podmínkách, mnohdy sběrem či lovem, získat jídlo pro svou matku a sestru. A právě uplatnění této přirozené potřeby, spojené s pudem sebezáchovy, z ní náhle učiní v tomto neobvyklém střetnutí kandidáta na konečné vítězství... | |
| 520 | 2 | |a Sci-fi román zachycuje průběh velkolepé, na druhé straně však i poněkud zvrácené televizní soutěže, v níž jsou ve hře lidské životy. | |
| 655 | 7 | |a americké romány |7 fd131796 |2 czenas | |
| 655 | 7 | |a antiutopické romány |7 fd1151354 |2 czenas | |
| 655 | 7 | |a literatura young adult |7 fd1185572 |2 czenas | |
| 655 | 7 | |a publikace pro mládež |7 fd133157 |2 czenas | |
| 655 | 9 | |a American fiction |2 eczenas | |
| 655 | 9 | |a dystopian novels |2 eczenas | |
| 655 | 9 | |a young adult literature |2 eczenas | |
| 655 | 9 | |a juvenile literature |2 eczenas | |
| 700 | 1 | |a Dušek, Zdík, |d 1976- |7 ola20040616001 |4 trl | |
| 765 | 0 | |t Hunger games | |
| 787 | 0 | 8 | |i Z cyklu: |t Hunger Games / Hry o život |g 1 |
| 830 | 0 | |a Young adults | |
| 900 | |a ABA001 |b 18 | ||
| 044 | |a xr | ||
| 505 | 0 | 0 | |t 01 Arena smrti - Hunger Games (0 min., 16 sek.) |
| 505 | 0 | 0 | |t 02 Arena smrti - Splatci (38 min., 51 sek.) |
| 505 | 0 | 0 | |t 03 Arena smrti - Splatci (26 min., 54 sek.) |
| 505 | 0 | 0 | |t 04 Arena smrti - Splatci (26 min., 13 sek.) |
| 505 | 0 | 0 | |t 05 Arena smrti - Splatci (25 min., 38 sek.) |
| 505 | 0 | 0 | |t 06 Arena smrti - Splatci (23 min., 36 sek.) |
| 505 | 0 | 0 | |t 07 Arena smrti - Splatci (25 min., 2 sek.) |
| 505 | 0 | 0 | |t 08 Arena smrti - Splatci (32 min., 14 sek.) |
| 505 | 0 | 0 | |t 09 Arena smrti - Splatci (21 min., 11 sek.) |
| 505 | 0 | 0 | |t 10 Arena smrti - Splatci (33 min., 46 sek.) |
| 505 | 0 | 0 | |t 11 Arena smrti - Hry (27 min., 40 sek.) |
| 505 | 0 | 0 | |t 12 Arena smrti - Hry (25 min., 53 sek.) |
| 505 | 0 | 0 | |t 13 Arena smrti - Hry (20 min., 8 sek.) |
| 505 | 0 | 0 | |t 14 Arena smrti - Hry (24 min., 33 sek.) |
| 505 | 0 | 0 | |t 15 Arena smrti - Hry (18 min., 26 sek.) |
| 505 | 0 | 0 | |t 16 Arena smrti - Hry (22 min., 33 sek.) |
| 505 | 0 | 0 | |t 17 Arena smrti - Hry (23 min., 18 sek.) |
| 505 | 0 | 0 | |t 18 Arena smrti - Hry (21 min., 13 sek.) |
| 505 | 0 | 0 | |t 19 Arena smrti - Hry (22 min., 34 sek.) |
| 505 | 0 | 0 | |t 20 Arena smrti - Vitez (29 min., 3 sek.) |
| 505 | 0 | 0 | |t 21 Arena smrti - Vitez (30 min., 12 sek.) |
| 505 | 0 | 0 | |t 22 Arena smrti - Vitez (22 min., 19 sek.) |
| 505 | 0 | 0 | |t 23 Arena smrti - Vitez (23 min., 30 sek.) |
| 505 | 0 | 0 | |t 24 Arena smrti - Vitez (29 min., 23 sek.) |
| 505 | 0 | 0 | |t 25 Arena smrti - Vitez (18 min., 4 sek.) |
| 505 | 0 | 0 | |t 26 Arena smrti - Vitez (26 min., 26 sek.) |
| 505 | 0 | 0 | |t 27 Arena smrti - Vitez (24 min., 51 sek.) |
| 505 | 0 | 0 | |t 28 Arena smrti - Vitez (27 min., 0 sek.) |
| 910 | |a RBIT002 | ||
| 998 | |d 357734 |a https://core.palmknihy.cz/api/books/357734/cover?sh6w55 |b https://core.palmknihy.cz/api/books/357734/cover/400?sh6w55 |c https://core.palmknihy.cz/api/books/357734/cover/50?sh6w55 |e 2029-10-23 |i 9788025320488 |l 41520 |q 49 |r 1 |s https://www.palmknihy.cz/kniha/357734 |t audiobook |y 2015 |z 0 | ||
| 999 | |d 313116 | ||